[Event "Mumbai Mayors Cup 5th"]
[Site "Mumbai"]
[Date "2012.06.07"]
[Round "1"]
[White "Sriram, Jha"]
[Black "Naresh, Kantode"]
[Result "1-0"]
[WhiteElo "2436"]
[BlackElo "1671"]
[PlyCount "71"]
[EventDate "2012.06.07"]
[EventType "swiss"]
[EventRounds "11"]
[EventCountry "IND"]
[SourceTitle "CBM 148 Extra"]
[Source "ChessBase"]
[SourceDate "2012.06.22"]
[SourceVersion "1"]
[SourceVersionDate "2012.06.22"]
[SourceQuality "1"]

1. d4 f5 2. e4 fxe4 3. Nc3 Nf6 4. Bg5 Nc6 5. d5 Ne5 6. Qd4 Nf7 7. Bh4 Nd6 8. Bxf6 exf6 9. 0-0-0 Be7 10. Nxe4 Nf5 11. Qd2 d6 12. Nf3 Nh6 13. Bd3 c6 14. Rhe1 0-0 15. Bc4 c5 16. Nxc5 Nf7 17. Ne6 Bxe6 18. dxe6 Ne5 19. Bd5 Qc7 20. Nd4 f5 21. f4 Nc6 22. Re3 Nxd4 23. Qxd4 Kh8 24. Rc3 Qa5 25. Rb3 Bf6 26. Qb4 Qd8 27. Bxb7 Rb8 28. Qxd6 Qa5 29. Bc6 Rbd8 30. e7 Bxe7 31. Qxe7 Rxd1+ 32. Kxd1 Rd8+ 33. Rd3 Rxd3+ 34. cxd3 h6 35. Qe8+ Kh7 36. Qe5 1-0

[Event "Commonwealth-ch"]
[Site "Nagpur"]
[Date "2008.09.30"]
[Round "4"]
[White "Naresh, Kantode"]
[Black "Shristi, J Shetty"]
[Result "0-1"]
[WhiteElo "1718"]
[BlackElo "1959"]
[PlyCount "70"]
[EventDate "2008.09.28"]
[EventType "swiss"]
[EventRounds "11"]
[EventCountry "IND"]
[SourceTitle "CBM 126 Extra"]
[Source "ChessBase"]
[SourceDate "2008.11.05"]
[SourceVersion "1"]
[SourceVersionDate "2008.11.05"]
[SourceQuality "1"]

1. e4 c5 2. Nf3 Nc6 3. d4 cxd4 4. Nxd4 Nf6 5. Nc3 e5 6. Ndb5 d6 7. Bg5 a6 8. Na3 b5 9. Bxf6 gxf6 10. Nd5 f5 11. Bd3 Be6 12. c3 Bg7 13. Bc2 f4 14. Bb3 0-0 15. Qh5 Na5 16. g3 Nxb3 17. axb3 f5 18. f3 fxe4 19. fxe4 Bxd5 20. exd5 f3 21. 0-0 Qb6+ 22. Kh1 f2 23. Qe2 Rae8 24. Kg2 Qc5 25. Rad1 b4 26. Nb1 e4 27. Rxf2 Rxf2+ 28. Qxf2 e3 29. Qe1 e2 30. Rd3 Qa5 31. Rd2 bxc3 32. Rxe2 Rxe2+ 33. Qxe2 Qxd5+ 34. Kh3 Qf5+ 35. Kg2 c2 0-1